000 00633cam a2200217 4500500
005 20260329005522.0
041 _afre
042 _adc
100 1 0 _aPerragin, Charles
_eauthor
245 0 0 _aLe double jeu européen de Viktor Orbán
260 _c2024.
500 _a47
690 _aEurope
690 _aHongrie
690 _aIllibéralisme
690 _aPoutine
690 _aPouvoir
690 _aUnion Européenne
786 0 _nPhilosophie magazine | 176 | 1-2 | 2024-02-01 | p. 11-11 | 1951-1787
856 4 1 _uhttps://shs.cairn.info/magazine-philosophie-magazine-2024-2-page-11?lang=fr&redirect-ssocas=7080
999 _c1844175
_d1844175